[Event "IECG WC.2003.P.00005 email"]
[Site "IECG email"]
[Date "2000.??.??"]
[Round "?"]
[White "Backhouse, Darren"]
[Black "Jergler, Csaba"]
[Result "0-1"]
[WhiteElo "1087"]
[BlackElo "800"]
[PlyCount "52"]
[EventDate "2000.01.26"]
[EventType "tourn (corr)"]
[EventRounds "10"]
[SourceTitle "Corr 2008"]
[Source "ChessBase"]
[SourceDate "2008.06.24"]
[SourceVersion "1"]
[SourceVersionDate "2008.06.24"]
[SourceQuality "1"]

1. e4 c5 2. Nf3 d6 3. d4 cxd4 4. Nxd4 Nf6 5. Nc3 g6 6. Be2 Bg7 7. Be3 Nc6 8. f3 0-0 9. Qd2 Nxd4 10. Bxd4 Qa5 11. Rd1 Be6 12. 0-0 Rfc8 13. Nd5 Qxd2 14. Rxd2 Nxd5 15. exd5 Bh6 16. Rdd1 Bxd5 17. c3 Bxa2 18. Ra1 Bb3 19. Rxa7 Rxa7 20. Bxa7 Ra8 21. Bb6 Ra2 22. Bd3 Rxb2 23. Ra1 Bd5 24. Ra8+ Kg7 25. Bf2 Rd2 26. Bf1 Rd1 0-1

[Event "IECG WC.2003.P.00005 email"]
[Site "IECG email"]
[Date "2000.??.??"]
[Round "?"]
[White "Jergler, Csaba"]
[Black "Kluge, Klaus"]
[Result "1-0"]
[WhiteElo "800"]
[BlackElo "1343"]
[PlyCount "61"]
[EventDate "2000.01.26"]
[EventType "tourn (corr)"]
[EventRounds "10"]
[SourceTitle "Corr 2008"]
[Source "ChessBase"]
[SourceDate "2008.06.24"]
[SourceVersion "1"]
[SourceVersionDate "2008.06.24"]
[SourceQuality "1"]

1. d4 d5 2. c4 Nc6 3. Nc3 dxc4 4. Nf3 Nf6 5. e4 Bg4 6. Be3 e6 7. Bxc4 Bb4 8. Qc2 0-0 9. Rd1 Qe7 10. Be2 e5 11. d5 Nd4 12. Nxd4 exd4 13. Rxd4 Bxe2 14. Kxe2 Bc5 15. Rd2 Bxe3 16. Kxe3 Rad8 17. f3 b5 18. Rhd1 Qc5+ 19. Ke2 b4 20. Na4 Qd6 21. g3 a5 22. Rc1 Rd7 23. Qc5 Qe5 24. Kf1 Ra8 25. Kg2 h6 26. Rdc2 Re7 27. Qc6 Ra7 28. Nc5 Kh7 29. Qb5 Qd6 30. Nb3 Qb6 31. Qxb6 1-0

[Event "IECG WC.2003.P.00005 email"]
[Site "IECG email"]
[Date "2000.??.??"]
[Round "?"]
[White "Jergler, Csaba"]
[Black "Reichardt, Markus"]
[Result "1-0"]
[WhiteElo "800"]
[BlackElo "2006"]
[PlyCount "71"]
[EventDate "2000.01.26"]
[EventType "tourn (corr)"]
[EventRounds "10"]
[SourceTitle "Corr 2008"]
[Source "ChessBase"]
[SourceDate "2008.06.24"]
[SourceVersion "1"]
[SourceVersionDate "2008.06.24"]
[SourceQuality "1"]

1. e4 c5 2. Nf3 d6 3. d4 cxd4 4. Nxd4 Nf6 5. Nc3 a6 6. Bg5 e6 7. f4 Be7 8. Qf3 Qc7 9. 0-0-0 Nbd7 10. g4 b5 11. Bxf6 Nxf6 12. g5 Nd7 13. f5 Bxg5+ 14. Kb1 0-0 15. fxe6 Nb6 16. Bh3 Bf6 17. Qd3 Kh8 18. Nd5 Nxd5 19. exd5 Bb7 20. exf7 Rxf7 21. Be6 Rff8 22. Rhf1 Rae8 23. Rf4 Be5 24. Rxf8+ Rxf8 25. Nf3 Bf4 26. Rf1 Rf6 27. h3 Qc4 28. Qd1 b4 29. Nd2 Qd4 30. Nb3 Qxd1+ 31. Rxd1 Be3 32. Re1 Bb6 33. a3 bxa3 34. Bf7 g6 35. Re8+ Kg7 36. Be6 1-0

[Event "IECG WC.2003.P.00005 email"]
[Site "IECG email"]
[Date "2000.??.??"]
[Round "?"]
[White "Sobirey, Michael"]
[Black "Jergler, Csaba"]
[Result "1/2-1/2"]
[WhiteElo "1760"]
[BlackElo "800"]
[PlyCount "75"]
[EventDate "2000.01.26"]
[EventType "tourn (corr)"]
[EventRounds "10"]
[SourceTitle "Corr 2008"]
[Source "ChessBase"]
[SourceDate "2008.06.24"]
[SourceVersion "1"]
[SourceVersionDate "2008.06.24"]
[SourceQuality "1"]

1. e4 e5 2. Nf3 Nc6 3. Nc3 Nf6 4. g3 Bc5 5. Bg2 d6 6. d3 a6 7. 0-0 h6 8. h3 Be6 9. Be3 Qd7 10. Kh2 0-0-0 11. d4 exd4 12. Nxd4 Ne5 13. Nxe6 Qxe6 14. Bxc5 dxc5 15. Qe2 g5 16. f4 gxf4 17. gxf4 Nc6 18. e5 Nd4 19. Qf2 Nd7 20. Ne4 Rhg8 21. Rad1 Qxa2 22. Nxc5 Nxc5 23. Rxd4 Ne6 24. Rb4 c6 25. Qb6 Rxg2+ 26. Kxg2 Qd5+ 27. Kh2 c5 28. Rd1 Nd4 29. Rbxd4 cxd4 30. Rd2 Qc4 31. Rf2 Qc6 32. Qxc6+ bxc6 33. Kg3 Kc7 34. Rd2 c5 35. Kg4 Rb8 36. c3 dxc3 37. bxc3 Rb3 38. Rd6 1/2-1/2